|
|
|
|
| LEADER |
02583nam a2200409 a 4500 |
| 001 |
36572 |
| 003 |
BD-DhAAL |
| 005 |
20191112143856.0 |
| 008 |
191112r20182013ne a b 001 0 eng d |
| 999 |
|
|
|c 40789
|d 40789
|
| 010 |
|
|
|a 2012418308
|
| 020 |
|
|
|a 9789381269558
|
| 020 |
|
|
|a 9780123846549
|
| 040 |
|
|
|a DLC
|c DLC
|d BD-DhAAL
|
| 042 |
|
|
|a pcc
|
| 050 |
0 |
0 |
|a QA37.3
|b .A74 2013
|
| 082 |
|
|
|a 510
|2 23
|
| 100 |
1 |
|
|a Arfken, George B.
|q (George Brown),
|d 1922-
|9 36997
|
| 245 |
1 |
0 |
|a Mathematical methods for physicists :
|b a comprehensive guide /
|c George B. Arfken, Hans J. Weber and Frank E. Harris.
|
| 250 |
|
|
|a Seventh edition
|
| 260 |
|
|
|a Amsterdam ;
|a Boston ;
|a India :
|b Elsevier,
|c c2013 [Reprinted 2018]
|
| 300 |
|
|
|a xiii, 1205 pages :
|b illustrations ;
|c 25 cm.
|
| 526 |
|
|
|a MNS
|
| 541 |
|
|
|a Book Finder International
|e 36572, 36573, 36580, 36581, 36582, 36583, 36584
|
| 650 |
|
0 |
|a Mathematics.
|9 36998
|
| 650 |
|
0 |
|a Mathematical physics.
|9 36999
|
| 700 |
1 |
|
|a Weber, Hans-Jurgen.
|9 37000
|
| 700 |
1 |
|
|a Harris, Frank E.
|9 37001
|
| 852 |
|
|
|a Ayesha Abed Library
|c General Stacks
|
| 942 |
|
|
|2 ddc
|c BK
|
| 952 |
|
|
|0 0
|1 0
|2 ddc
|4 0
|6 510_000000000000000_ARF
|7 0
|9 67019
|a BRACUL
|b BRACUL
|c GEN
|d 2019-11-05
|e Book Finder International
|g 1300.00
|l 3
|m 18
|o 510 ARF
|p 3010036572
|r 2025-07-15
|s 2025-05-25
|t 1
|v 1300.00
|w 2019-11-05
|y BK
|
| 952 |
|
|
|0 0
|1 0
|2 ddc
|4 0
|6 510_000000000000000_ARF
|7 0
|9 67020
|a BRACUL
|b BRACUL
|c GEN
|d 2019-11-05
|e Book Finder International
|g 1300.00
|l 2
|m 5
|o 510 ARF
|p 3010036573
|q 2026-06-02
|r 2026-04-15
|s 2026-04-15
|t 2
|v 1300.00
|w 2019-11-05
|y BK
|
| 952 |
|
|
|0 0
|1 0
|2 ddc
|4 0
|6 510_000000000000000_ARF
|7 0
|9 67035
|a BRACUL
|b BRACUL
|c GEN
|d 2019-11-05
|e Book Finder International
|g 1420.00
|l 1
|m 6
|o 510 ARF
|p 3010036581
|r 2025-01-23
|s 2024-10-28
|t 4
|v 1420.00
|w 2019-11-05
|y BK
|
| 952 |
|
|
|0 0
|1 0
|2 ddc
|4 0
|6 510_000000000000000_ARF
|7 0
|9 67036
|a BRACUL
|b BRACUL
|c GEN
|d 2019-11-05
|e Book Finder International
|g 1420.00
|l 1
|m 4
|o 510 ARF
|p 3010036582
|r 2025-01-16
|s 2024-12-22
|t 5
|v 1420.00
|w 2019-11-05
|y BK
|
| 952 |
|
|
|0 0
|1 0
|2 ddc
|4 0
|6 510_000000000000000_ARF
|7 0
|9 67037
|a BRACUL
|b BRACUL
|c GEN
|d 2019-11-05
|e Book Finder International
|g 1420.00
|l 0
|o 510 ARF
|p 3010036583
|r 2019-11-05
|t 5
|v 1420.00
|w 2019-11-05
|y BK
|
| 952 |
|
|
|0 0
|1 0
|2 ddc
|4 0
|6 510_000000000000000_ARF
|7 0
|9 67038
|a BRACUL
|b BRACUL
|c GEN
|d 2019-11-05
|e Book Finder International
|g 1420.00
|l 2
|m 5
|o 510 ARF
|p 3010036580
|r 2025-09-08
|s 2025-08-04
|t 3
|v 1420.00
|w 2019-11-05
|y BK
|
| 952 |
|
|
|0 0
|1 0
|2 ddc
|4 0
|6 510_000000000000000_ARF
|7 0
|9 67039
|a BRACUL
|b BRACUL
|c GEN
|d 2019-11-05
|e Book Finder International
|g 1420.00
|l 2
|m 8
|o 510 ARF
|p 3010063584
|r 2025-05-14
|s 2025-03-23
|t 7
|v 1420.00
|w 2019-11-05
|y BK
|